| 000 | 01782cam a2200373 a 4500 | ||
|---|---|---|---|
| 001 | 14803258 | ||
| 005 | 20170105102918.0 | ||
| 008 | 070410s2007 maua b 001 0 eng | ||
| 010 | _a 2007014485 | ||
| 015 |
_aGBA759853 _2bnb |
||
| 016 | 7 |
_a013805611 _2Uk |
|
| 020 | _a9788130909998 | ||
| 035 | _a(OCoLC)ocn123119765 | ||
| 040 |
_aDLC _cDLC _dBAKER _dBTCTA _dUKM _dC#P _dYDXCP _dIXA _dVP@ _dNLGGC _dDLC |
||
| 043 | _an-us--- | ||
| 050 | 0 | 0 |
_aHV6433.86 _b.L48 2007 |
| 082 | 0 | 0 |
_a363.325/5560973 _222 |
| 084 |
_a89.58 _2bcl |
||
| 100 | 1 | _aLevi, Michael A. | |
| 245 | 1 | 0 |
_aOn nuclear terrorism / _cMichael Levi. |
| 260 |
_aCambridge, Mass. : _bHarvard University Press : _bIn cooperation with the Council on Foreign Relations, _c2007. |
||
| 300 |
_ax, 210 p. : _bill. ; _c25 cm. |
||
| 504 | _aIncludes bibliographical references (p. 175-203) and index. | ||
| 505 | 0 | _aPrologue -- Principles for defense -- Security at the source -- Building blocks -- The beginnings of a true system -- Warning -- A wider universe of nuclear plots and defenses -- The way forward -- Appendix: Radiation detection and weapons effects calculations. | |
| 650 | 0 |
_aNuclear terrorism _zUnited States _xPrevention. |
|
| 650 | 0 |
_aNuclear weapons _xGovernment policy _zUnited States. |
|
| 650 | 0 |
_aTerrorism _xGovernment policy _zUnited States. |
|
| 650 | 0 |
_aNational security _zUnited States. |
|
| 710 | 2 | _aCouncil on Foreign Relations. | |
| 856 | 4 | 1 |
_3Table of contents only _uhttp://www.loc.gov/catdir/toc/ecip0715/2007014485.html |
| 906 |
_a7 _bcbc _corignew _d1 _eecip _f20 _gy-gencatlg |
||
| 942 |
_2ddc _cBK |
||
| 999 |
_c15473 _d15473 |
||